000 00450cam a22001577a 4500
005 20250901165817.0
008 070821s2006 ke 000 0 swa
010 _a 2007381070
020 _a9966225471
050 0 0 _aPL 8704 .O54 2006
100 1 _aOng'ango, George Otieno,
_d1965-
245 1 0 _aKosa ni la nani? /
_cGeorge Otieno Ong'ango.
260 _aNairobi :
_bJomo Kenyatta Foundation,
_c2006.
300 _aiv, 150 p. ;
_c18 cm.
942 _2lcc
999 _c9525
_d9525